000
00299nam a2200133Ia 4500
100
_a
Goffman C/ Pednick G
942
_c
BK
654
_a
Computer
245
_a
First Course in Functional Analysis
260
_b
P.H.I.
_a
New Delhi
_c
1993
082
_a
515.7
_b
PAN
546
_a
ENGLISH
999
_c
21894
_d
21894